AMTEC : Association for Media and Technology in Education in Canada = L'Association des Media et de la technologie en Education au Canada (Record no. 62330)

MARC details
000 -CABECERA
campo de control de longitud fija 00643nam a2200193 a 4500
005 - FECHA Y HORA DE LA ÚLTIMA TRANSACCIÓN
campo de control 20210219152849.0
008 - ELEMENTOS DE LONGITUD FIJA--INFORMACIÓN GENERAL
campo de control de longitud fija 991125n 000 0 eng u
035 ## - NÚMERO DE CONTROL DEL SISTEMA
Número de control de sistema UPN01000063923
110 ## - ASIENTO PRINCIPAL--NOMBRE CORPORATIVO
Nombre de entidad corporativa o nombre de jurisdicción como elemento de entrada ASSOCIATION FOR MEDIA AND TECHNOLOGY IN EDUCATION IN CANADA
222 ## - TÍTULO CLAVE
Título clave EDUCATIONAL MEDIA AND TECHNOLOGY YEARBOOK
245 ## - MENCIÓN DE TÍTULO
Título AMTEC : Association for Media and Technology in Education in Canada = L'Association des Media et de la technologie en Education au Canada
300 ## - DESCRIPCIÓN FÍSICA
Extensión 153-154
362 ## - FECHAS DE PUBLICACIÓN Y/O DESIGNACIÓN SECUENCIAL
Fecha de publicación y/o designación secuencial 1993 vol. 19
653 0# - TERMINO DE INDIZACION - NO CONTROLADO
Término no controlado AMTEC
653 0# - TERMINO DE INDIZACION - NO CONTROLADO
Término no controlado CANADA
653 0# - TERMINO DE INDIZACION - NO CONTROLADO
Término no controlado TECNOLOGIA EDUCATIVA
904 ## - ELEMENTOS DE DATOS D LOCAL, LDD (RLIN)
a AC
b 001734
905 ## - TIPO DE MATERIAL
Tipo de material Articulo

No items available.